Регионална библиотека "Любен Каравелов" - Русе

Сексагинта Приста и други проучвани обекти от римската епоха в Русенско (Запис номер 133820)

MARC детайли
000 -Лидер
Контролно поле с фиксирана дължина 02348nam a2200517 c 4500
003 - Код на организацията, давaща контролен номер
Контролно поле BLK
005 - Дата и час на последна редакция
Контролно поле 20250128103813.0
008 - Елементи от данни с фиксирана дължина
fixed length control field 180409b bul|||||r ||||||| ||bul||
010 ## - Наследен системен номер
LC control number KNG00139721000
020 ## - Международен стандартен номер на книга ISBN
Международен стандартен номер на книга ISBN 978-954-476-058-8
040 ## - Източник на каталожния запис
Идентификатор на билиотеката - собственик на записа BLK
041 ## - Код за език
Код за езика на текст/звукозапис или на отделно заглавие Български
Код за езика КДБФ Български
072 #7 - Код за тематичната категория
Код организация bullib
Код за тематична категория Н92
Текст История Н
072 #7 - Код за тематичната категория
Код организация bullib
Код за тематична категория РА
Текст Русенски автори
080 ## - УДК
Текстов определител УДК Паметници на културата на историческите периоди. Археологическите паметници. Старини
УДК код - определител по УДК 904
УДК определител (497.21-31)
УДК - код + определител 904(497.21-31)
100 1# - Редна дума - Автор
Автор Върбанов, Върбин Добрев
Авторска отговорност първи автор
R(LIN) 324106
139 ## - Редно поле
Редна дума Върбанов, Върбин Добрев и др.
Авторски знак Вър - В 97
245 10 - Сведения за заглавието
Заглавие Сексагинта Приста и други проучвани обекти от римската епоха в Русенско
Редно поле (дума) Върбин Добрев Върбанов; съавт. Деян Драгоев; * Николай Иванов Ненов.
257 ## - Страна на издаване
Страна на създаване/издаване България
260 ## - Област на издателските данни
Име на издателя, разпространителя и проч. РОД
Година на издаване 2012
Печатница Русе : Русе прес
300 ## - Физическа характеристика
Страници 88 с.
Илюстрации и др. с цв. ил., сх.
Размери/Мащаб 21 см
380 ## - Жанр
Жанр История
500 ## - Общи забележки
Забележка Изд. на Регионален ист. музей - Русе. - За наследството на Римския Лимес / Николай Ненов: с. 4-5. - Библиогр. след отд. гл.
650 #4 - Допълнително описание по предмет – тема
Основно описание – тема или топоним Крепости - Русенско
9 (RLIN) 324107
650 #4 - Допълнително описание по предмет – тема
Основно описание – тема или топоним Градове, римски - България
9 (RLIN) 269269
651 #4 - Допълнително описание по предмет - топоним
Географско понятие Русе
9 (RLIN) 179462
651 #4 - Допълнително описание по предмет - топоним
Географско понятие Русенско
9 (RLIN) 179464
651 #4 - Допълнително описание по предмет - топоним
Географско понятие България
9 (RLIN) 241624
653 ## - Ключова дума – ненормативна
Ключова дума Сексагинта Приста
653 ## - Ключова дума – ненормативна
Ключова дума крепости
653 ## - Ключова дума – ненормативна
Ключова дума антични градове
653 ## - Ключова дума – ненормативна
Ключова дума римски градове
659 ## - Тематичен бюлетин
Тематичен бюлетин К
659 ## - Тематичен бюлетин
Тематичен бюлетин Н
700 1# - Други автори (авторска отговорност)
Лично име Драгоев, Деян
Автороска отговорност (Описва отношението между автора и произведението) съавт.
9 (RLIN) 298983
700 ## - Други автори (авторска отговорност)
Лично име Ненов, Николай Иванов
Друга информация историк, професор, доктор, Русенски ист. музей
9 (RLIN) 366222
852 ## - Местоположение
Форматна сигнатура Цб 258384
852 ## - Местоположение
Форматна сигнатура К 9/В 97 В
856 4# - Електронен адрес и достъп
Електронен формат pdf - файл
856 4# - Електронен адрес и достъп
Електронен формат pdf - файл
999 ## - СИСТЕМНИ КОНТРОЛНИ НОМЕРА
Koha biblionumber 133820
Koha biblioitemnumber 133820
942 ## - АРТИКУЛИ
Вид на библиотечния материал Книги
Скрит в OPAC Не
Koha issues (borrowed), all copies 10
Периодичен библиозапис Да
944 ## - СЪЗДАВАНЕ И РЕДАКЦИЯ на ЗАПИСА
Създаване/Редакция Създаване
Дата на регистрацията/редакция 19.02.2013
Статус, дата на статуса Цветелина Шанова
Служител, извършил регистрацията/редакцията 30531
944 ## - СЪЗДАВАНЕ И РЕДАКЦИЯ на ЗАПИСА
Създаване/Редакция Редакция
Дата на регистрацията/редакция 16.09.2014
Статус, дата на статуса ф /
999 ## - СИСТЕМНИ КОНТРОЛНИ НОМЕРА
Koha biblioitemnumber 133820
999 ## - СИСТЕМНИ КОНТРОЛНИ НОМЕРА
Koha biblioitemnumber 133820
Наличности
Код за отписване Код за изгубен артикул Източник на класификационната схема Код за повреда Коз за рестрикции Код за отдаване Артикулен № Име на библиотеката - собственик Име на библиотеката, в която се намира в момента Статус (Текущо местоположение) Дата на вписване в системата Местоположение - отдел Цена в лева Инвентарен номер Систематично азбучна сигнатура Баркод Номер на екземпляра Цена в евро Служебна бележка Служебен тип на артикула
  Не е изгубен Universal Decimal Classification Не е повреден без рестрикции ползва се в читалня 218391 Регионална библиотека "Любен Каравелов" Русе Регионална библиотека "Любен Каравелов" Русе Краезнание 2013-02-18 Краезнание 9.00 120000764137 К 9/В 97 В 120000764137 1 4.60 Дост: DA Вид: А N: 2 Дата: 18.02.2013 Дата инв: 16.11.2017 Бележки инв: К2017 Книги
  Не е изгубен   Не е повреден без рестрикции заемане за дома 218392 Регионална библиотека "Любен Каравелов" Русе Регионална библиотека "Любен Каравелов" Русе Заемна - подръчен фонд 2013-02-18 Заемна - подръчен фонд 9.00 120000764138 П 904/В 97 120000764138 2 4.60 Дост: DA Вид: А N: 2 Дата: 18.02.2013 Дата инв: 07.02.2018 Бележки инв: П2018 Книги
  Не е изгубен   Не е повреден без рестрикции заемане за дома 218393 Регионална библиотека "Любен Каравелов" Русе Регионална библиотека "Любен Каравелов" Русе Заемна - подръчен фонд 2013-02-18 Заемна - подръчен фонд 9.00 120000764139 П 904/В 97 120000764139 3 4.60 Дост: DA Вид: А N: 2 Дата: 18.02.2013 Дата инв: 07.02.2018 Бележки инв: П2018 Книги
  Не е изгубен   Не е повреден без рестрикции заемане за дома 218394 Регионална библиотека "Любен Каравелов" Русе Регионална библиотека "Любен Каравелов" Русе Заемна - подръчен фонд 2013-02-18 Заемна - подръчен фонд 9.00 120000764140 П 904/В 97 120000764140 4 4.60 Дост: DA Вид: А N: 2 Дата: 18.02.2013 Дата инв: 07.02.2018 Бележки инв: П2018 Книги
  Не е изгубен Universal Decimal Classification Не е повреден без рестрикции ползва се в читалня 218395 Регионална библиотека "Любен Каравелов" Русе Регионална библиотека "Любен Каравелов" Русе Краезнание 2013-02-18 Краезнание 9.00 120000764141 К 9/В 97 В 120000764141 5 4.60 Дост: DA Вид: А N: 2 Дата: 18.02.2013 Дата инв: 06.11.2017 Бележки инв: К2017 Книги
  Не е изгубен   Не е повреден без рестрикции ползва се в читалня 218396 Регионална библиотека "Любен Каравелов" Русе Регионална библиотека "Любен Каравелов" Русе Хранилище 2014-02-19 Хранилище 9.00 120000774742 Цб 258384 120000774742 6 4.60 Дост: Dp Вид: Д N: 6 Дата: 12.02.2013 Книги
Vip Innovations Ltd, Rousse, Bulgaria 2025